Catálogo - Centro de Recursos para el Aprendizaje y la Investigación
Volver al Sitio - CRAI Biblioteca| 000 -CABECERA | |
|---|---|
| campo de control de longitud fija | 01601nam a2200229 4500 |
| 001 - NÚMERO DE CONTROL | |
| campo de control | 114463 |
| 003 - IDENTIFICADOR DEL NÚMERO DE CONTROL | |
| campo de control | DR-UNIBE |
| 005 - FECHA Y HORA DE LA ÚLTIMA TRANSACCIÓN | |
| campo de control | 20260316113616.0 |
| 008 - DATOS DE LONGITUD FIJA--INFORMACIÓN GENERAL | |
| campo de control de longitud fija | 260316b2025 dr ||||| |||| 00| 0 spa d |
| 020 ## - NÚMERO INTERNACIONAL ESTÁNDAR DEL LIBRO | |
| Número Internacional Estándar del Libro | 9789945629552 |
| 040 ## - FUENTE DE LA CATALOGACIÓN | |
| Centro catalogador/agencia de origen | BIBLIOTECA UNIBE |
| Centro/agencia transcriptor | BIBLIOTECA UNIBE |
| Normas de descripción | rda |
| 041 ## - CÓDIGO DE LENGUA | |
| Código de lengua del texto/banda sonora o título independiente | spa |
| 082 ## - NÚMERO DE LA CLASIFICACIÓN DECIMAL DEWEY | |
| Número de clasificación | RD 863.44 J61m |
| 100 ## - ENTRADA PRINCIPAL--NOMBRE DE PERSONA | |
| Nombre de persona | Jiménez Quiñones, Vivian |
| Término indicativo de función/relación | autor |
| 9 (RLIN) | 203305 |
| 245 13 - MENCIÓN DE TÍTULO | |
| Título | La mujer del río / |
| Mención de responsabilidad, etc. | Vivian Jiménez Quiñones |
| 260 ## - PUBLICACIÓN, DISTRIBUCIÓN, ETC. | |
| Lugar de publicación, distribución, etc. | Santo Domingo : |
| Nombre del editor, distribuidor, etc. | Banco Central de la Republica Dominicana, |
| Fecha de publicación, distribución, etc. | 2025 |
| 300 ## - DESCRIPCIÓN FÍSICA | |
| Extensión | 150 páginas |
| 520 #3 - SUMARIO, ETC. | |
| Sumario, etc. | En La mujer del río, su opera prima, demuestra ser conocedora de los mecanismos de un género que, como el cuento, presenta grandes desafíos a sus cultores, no solo por la lucha de quien escribe contra el tiempo, sino por el intrincado camino para conseguir una ficción verosímil con un cierre convincente. Este conjunto de narraciones se inscribe en la corriente neorrealista que Juan Bosch llevó a su máxima expresión en el siglo pasado, y la huella del maestro vegano es palpable en los temas y la manera de contar de la autora. Hay cuentos de Vivian Jiménez Quiñones que nos ponen en contacto con tragedias familiares<br/>de gente del campo, o el reencuentro de una madre con su hija descarriada, o la búsqueda interminable del amor frustrado. Cada cuento ha sido escrito con la lúcida conciencia de una autora que sabe lo que tiene entre manos y conduce a sus personajes con pulso firme a<br/>través de sus historias. |
| 650 ## - PUNTO DE ACCESO ADICIONAL DE MATERIA--TÉRMINO DE MATERIA | |
| Fuente del encabezamiento o término | lemb |
| Término de materia o nombre geográfico como elemento de entrada | Novela dominicana |
| 650 ## - PUNTO DE ACCESO ADICIONAL DE MATERIA--TÉRMINO DE MATERIA | |
| Fuente del encabezamiento o término | lemb |
| Término de materia o nombre geográfico como elemento de entrada | Literatura dominicana |
| 942 ## - ELEMENTOS DE PUNTO DE ACCESO ADICIONAL (KOHA) | |
| Fuente del sistema de clasificación o colocación | Sistema de Clasificación Decimal Dewey |
| Tipo de ítem Koha | Libro (general) |
| Estado de retiro | Estado de pérdida | Fuente del sistema de clasificación o colocación | No para préstamo | Código de colección | Localización permanente | Fecha de adquisición | Total de préstamos | Signatura topográfica completa | Código de barras | Fecha visto por última vez | Número de copia | Precio válido a partir de | Tipo de ítem Koha |
|---|---|---|---|---|---|---|---|---|---|---|---|---|---|
| Disponible | Sistema de Clasificación Decimal Dewey | General - Libros dominicanos | Biblioteca Central UNIBE | 16/03/2026 | RD 863.44 J61m | 260259 | 16/03/2026 | Ej. 1 | 16/03/2026 | Libro (general) |